000
00286nam a22001217a 4500
008
171016b xxu||||| |||| 00| 0 eng d
041
_a
eng
080
_2
3 ED
_a
33
100
_a
52
101
_a
ECO
245
_a
AN INTRODUCTION REGIONAL ECONOMICS
_c
HOOVER.E.M
942
_2
udc
_c
BK
999
_c
34052
_d
34052